[Event "Milan Autumn op"]
[Site "Milan"]
[Date "2015.10.08"]
[Round "8"]
[White "Alidosi, Marco"]
[Black "Ramirez Rivera, Elias Antonio"]
[Result "1/2-1/2"]
[WhiteElo "1759"]
[BlackElo "1704"]
[PlyCount "68"]
[EventDate "2015.09.15"]
[EventType "swiss"]
[EventRounds "8"]
[EventCountry "ITA"]
[SourceTitle "EXT 2024"]
[Source "ChessBase"]
[SourceDate "2023.10.10"]
[SourceVersion "1"]
[SourceVersionDate "2023.10.10"]
[SourceQuality "1"]

1. d4 f5 2. h3 d5 3. Bf4 Nf6 4. Nf3 e6 5. Nbd2 Bd6 6. Bxd6 Qxd6 7. e3 0-0 8. Be2 Nbd7 9. 0-0 Ne4 10. c4 c6 11. Rc1 Kh8 12. Nxe4 fxe4 13. Nh2 Nf6 14. Ng4 Nxg4 15. Bxg4 Bd7 16. f4 exf3 17. Bxf3 Be8 18. Qd2 Bg6 19. c5 Qe7 20. Be2 e5 21. b4 Qg5 22. Rxf8+ Rxf8 23. Rf1 Kg8 24. Rxf8+ Kxf8 25. a4 Be4 26. Bf1 Qf6 27. Qf2 Ke7 28. Qxf6+ Kxf6 29. Be2 exd4 30. exd4 Bc2 31. a5 a6 32. Kf2 Be4 33. g3 Bf5 34. h4 h6 1/2-1/2

[Event "Milan Autumn op"]
[Site "Milan"]
[Date "2015.09.29"]
[Round "5"]
[White "Alidosi, Marco"]
[Black "La Fontana, Stefano"]
[Result "1-0"]
[WhiteElo "1759"]
[BlackElo "1655"]
[PlyCount "99"]
[EventDate "2015.09.15"]
[EventType "swiss"]
[EventRounds "8"]
[EventCountry "ITA"]
[SourceTitle "EXT 2024"]
[Source "ChessBase"]
[SourceDate "2023.10.10"]
[SourceVersion "1"]
[SourceVersionDate "2023.10.10"]
[SourceQuality "1"]

1. d4 Nf6 2. Nf3 g6 3. Bf4 Bg7 4. h3 0-0 5. e3 c5 6. c3 d5 7. Bd3 Nc6 8. Nbd2 Re8 9. 0-0 a6 10. a4 c4 11. Bc2 Bd7 12. e4 dxe4 13. Nxe4 Nd5 14. Bh2 Bf5 15. Re1 e5 16. dxe5 Nxe5 17. Nxe5 Bxe5 18. Bxe5 Rxe5 19. Qd4 Re8 20. Qxc4 Nb6 21. Qb3 Kg7 22. Rad1 Qc7 23. Qa2 Nc4 24. b3 Bxe4 25. Bxe4 Nd6 26. Qc2 Nxe4 27. Rxe4 Rxe4 28. Qxe4 Qxc3 29. Qxb7 Re8 30. Rf1 a5 31. Qd5 Rb8 32. Rd1 Rxb3 33. Rd4 Qe1+ 34. Kh2 Rb4 35. Qxa5 Rb1 36. Qxe1 Rxe1 37. Kg3 Kf6 38. f4 h5 39. Kf2 Ra1 40. g4 hxg4 41. hxg4 Ra3 42. Rd6+ Ke7 43. Ra6 f6 44. a5 f5 45. Rxg6 fxg4 46. a6 Rf3+ 47. Kg2 Rxf4 48. a7 Ra4 49. Kf2 Kd8 50. Rg8+ 1-0

[Event "Milan SSM op"]
[Site "Milan"]
[Date "2014.02.04"]
[Round "7"]
[White "Colica, Daniele"]
[Black "Alidosi, Marco"]
[Result "0-1"]
[WhiteElo "1698"]
[BlackElo "1775"]
[PlyCount "56"]
[EventDate "2014.01.14"]
[EventType "swiss"]
[EventRounds "8"]
[EventCountry "ITA"]
[SourceTitle "EXT 2015"]
[Source "ChessBase"]
[SourceDate "2014.11.20"]
[SourceVersion "1"]
[SourceVersionDate "2014.11.20"]
[SourceQuality "1"]

1. Nf3 Nf6 2. b3 g6 3. Bb2 Bg7 4. e3 0-0 5. Be2 c5 6. 0-0 Nc6 7. c4 d6 8. d4 e6 9. Nc3 a6 10. Qd2 Qc7 11. d5 exd5 12. Nxd5 Nxd5 13. Bxg7 Kxg7 14. Qxd5 Be6 15. Qd2 f6 16. Rad1 Rad8 17. Qc3 Ne5 18. Nd2 d5 19. cxd5 Bxd5 20. f4 Nd7 21. Bf3 Bxf3 22. Nxf3 Rde8 23. f5 Ne5 24. Nd4 Ng4 25. Rf4 Nxe3 26. Rdf1 Nxf1 27. Rxf1 Qe5 28. Ne2 Qxe2 0-1

[Event "Milan Befana op-B"]
[Site "Milan"]
[Date "2014.01.06"]
[Round "6"]
[White "Alidosi, Marco"]
[Black "Rinaldo, Andrea"]
[Result "1-0"]
[WhiteElo "1775"]
[BlackElo "1748"]
[PlyCount "93"]
[EventDate "2014.01.02"]
[EventType "swiss"]
[EventRounds "7"]
[EventCountry "ITA"]
[SourceTitle "EXT 2015"]
[Source "ChessBase"]
[SourceDate "2014.11.20"]
[SourceVersion "1"]
[SourceVersionDate "2014.11.20"]
[SourceQuality "1"]

1. Nf3 Nf6 2. d4 d5 3. c3 c6 4. Bf4 Bf5 5. e3 Nbd7 6. Nbd2 e6 7. Be2 Be7 8. h3 h6 9. 0-0 g5 10. Be5 Nxe5 11. Nxe5 Nd7 12. Nxd7 Qxd7 13. Bh5 Bd6 14. Re1 0-0-0 15. c4 Bg6 16. c5 Bc7 17. b4 Bxh5 18. Qxh5 f5 19. Qe2 Qe7 20. b5 g4 21. g3 gxh3 22. bxc6 bxc6 23. Qa6+ Kd7 24. Kh2 h5 25. Nf3 h4 26. Ne5+ Bxe5 27. dxe5 hxg3+ 28. fxg3 Rc8 29. Qxa7+ Rc7 30. Qa5 Qg7 31. Qc3 Rg8 32. Rg1 Qg4 33. Rae1 Rb7 34. Qc2 Qf3 35. Qe2 Qe4 36. Qh5 Rb2+ 37. Re2 Rxe2+ 38. Qxe2 Qxe5 39. Qa6 Qb2+ 40. Kh1 Rb8 41. Qa7+ Rb7 42. Qa8 Rb8 43. Qa7+ Rb7 44. Qa8 h2 45. Rg2 Qa1+ 46. Kxh2 Qh8+ 47. Qxh8 1-0

[Event "Civitanova Marche op"]
[Site "Civitanova Marche"]
[Date "2011.07.25"]
[Round "2"]
[White "Caruso, Augusto"]
[Black "Alidosi, Marco"]
[Result "1-0"]
[WhiteElo "2247"]
[BlackElo "1815"]
[PlyCount "61"]
[EventDate "2011.07.24"]
[EventType "swiss"]
[EventRounds "7"]
[EventCountry "ITA"]
[SourceTitle "EXT 2014"]
[Source "ChessBase"]
[SourceDate "2013.11.20"]
[SourceVersion "1"]
[SourceVersionDate "2013.11.20"]
[SourceQuality "1"]

1. e4 e6 2. b3 b6 3. Bb2 Bb7 4. d3 d5 5. Nd2 Nf6 6. Qe2 c5 7. g3 Be7 8. Bg2 Na6 9. a3 Qd7 10. Ngf3 0-0 11. 0-0 Rad8 12. Rad1 Qc8 13. Rfe1 Nc7 14. h4 Nfe8 15. Nf1 Bf6 16. e5 Be7 17. N1h2 d4 18. Ng5 Bxg2 19. Kxg2 Qa8+ 20. Kg1 Bxg5 21. hxg5 Nd5 22. Qh5 Ne7 23. Re4 g6 24. Qh3 Nf5 25. Ng4 h5 26. gxh6 Kh7 27. Nh2 g5 28. Nf3 Rg8 29. Qh5 f6 30. exf6 Nxf6 31. Qf7+ 1-0

[Event "Milan Crespi op-B 29th"]
[Site "Milan"]
[Date "2008.12.08"]
[Round "7"]
[White "Alidosi, Marco"]
[Black "Olivo, Mario"]
[Result "0-1"]
[WhiteElo "1794"]
[BlackElo "1878"]
[PlyCount "116"]
[EventDate "2008.12.05"]
[EventType "swiss"]
[EventRounds "7"]
[EventCountry "ITA"]
[SourceTitle "EXT 2010"]
[Source "ChessBase"]
[SourceDate "2010.11.25"]
[SourceVersion "1"]
[SourceVersionDate "2010.11.25"]
[SourceQuality "1"]

1. Nf3 Nf6 2. g3 g6 3. Bg2 Bg7 4. d3 d6 5. e4 e5 6. 0-0 0-0 7. h3 h6 8. Na3 Be6 9. c4 c5 10. Bd2 Nc6 11. Nc2 Qd7 12. Kh2 Kh7 13. Rb1 Ne8 14. Ng1 f5 15. f4 Nf6 16. b4 fxe4 17. Ne3 exf4 18. Rxf4 g5 19. Rxe4 Nxe4 20. Bxe4+ Kh8 21. bxc5 dxc5 22. Kg2 Bd4 23. g4 Rab8 24. Nf3 b6 25. Nxd4 Nxd4 26. Be1 Qf7 27. Bg3 Rbd8 28. Rb2 Qd7 29. Qh1 Kg7 30. Kh2 Bf7 31. Nf5+ Nxf5 32. Bxf5 Be6 33. Be4 Qd4 34. Re2 Bf7 35. Bf2 Qf6 36. Bg3 Rfe8 37. Qf3 Qc3 38. Rf2 Be6 39. Re2 Rf8 40. Bf5 Rxd3 41. Qb7+ Rf7 42. Be5+ Qxe5+ 43. Rxe5 Rd2+ 44. Kg3 Rxb7 45. Rxe6 Rxa2 46. Rg6+ Kf8 47. Rxh6 Ra3+ 48. Kf2 Rg7 49. Kg2 Rb3 50. Rc6 Re7 51. Be6 a5 52. Bd5 a4 53. Rc8+ Kg7 54. Rg8+ Kf6 55. Rf8+ Ke5 56. Rf5+ Kd4 57. Rxg5 a3 58. Rg8 Ra7 0-1

[Event "Milan Crespi op-B 29th"]
[Site "Milan"]
[Date "2008.12.06"]
[Round "3"]
[White "Alidosi, Marco"]
[Black "Cardani, Roberto"]
[Result "0-1"]
[WhiteElo "1794"]
[BlackElo "1900"]
[PlyCount "104"]
[EventDate "2008.12.05"]
[EventType "swiss"]
[EventRounds "7"]
[EventCountry "ITA"]
[SourceTitle "EXT 2010"]
[Source "ChessBase"]
[SourceDate "2010.11.25"]
[SourceVersion "1"]
[SourceVersionDate "2010.11.25"]
[SourceQuality "1"]

1. Nf3 Nf6 2. g3 d5 3. Bg2 c6 4. d3 Bg4 5. Nbd2 Nbd7 6. e4 e5 7. 0-0 dxe4 8. dxe4 Bc5 9. Qe1 0-0 10. Nc4 Re8 11. b4 Bf8 12. Bb2 Qc7 13. h3 Bh5 14. Nh4 b5 15. Ne3 a5 16. c3 Nb6 17. g4 Bg6 18. Nxg6 hxg6 19. a3 Red8 20. Qe2 Ne8 21. bxa5 Na4 22. c4 Nxb2 23. Qxb2 Rxa5 24. Qc3 Rxa3 25. Qb2 b4 26. Nc2 Rd2 27. Rxa3 bxa3 28. Qc3 Qd6 29. Na1 Qd4 30. Qxd4 Rxd4 31. Rc1 Nd6 32. Bf1 Nxe4 33. Nb3 Rd8 34. Ra1 Bb4 35. Be2 c5 36. Kg2 Nc3 37. Bf1 Kf8 38. Kf3 Ke7 39. Ke3 Ke6 40. f4 Rd1 41. f5+ gxf5 42. gxf5+ Kxf5 43. Bd3+ Ke6 44. Rxd1 Nxd1+ 45. Kf3 f5 46. Bf1 g5 47. Ke2 Nb2 48. Ke3 Na4 49. Nc1 Bc3 50. Bd3 Bd4+ 51. Kd2 Nc3 52. Bc2 a2 0-1

[Event "Milan Crespi op-B 28th"]
[Site "Milan"]
[Date "2007.12.07"]
[Round "3"]
[White "Acunzo, Domenico"]
[Black "Alidosi, Marco"]
[Result "1-0"]
[WhiteElo "1775"]
[BlackElo "1512"]
[PlyCount "95"]
[EventDate "2007.12.06"]
[EventType "swiss"]
[EventRounds "6"]
[EventCountry "ITA"]
[SourceTitle "EXT 2009"]
[Source "ChessBase"]
[SourceDate "2008.11.26"]
[SourceVersion "1"]
[SourceVersionDate "2008.11.26"]
[SourceQuality "1"]

1. e4 c5 2. Nf3 e6 3. d4 cxd4 4. Nxd4 Nc6 5. Nc3 a6 6. Be3 Qc7 7. Be2 b5 8. Nxc6 Qxc6 9. a3 Bb7 10. f4 Rc8 11. 0-0 Nh6 12. Bf3 Qc7 13. Qe1 b4 14. axb4 Bxb4 15. Bd2 0-0 16. f5 exf5 17. Bxh6 Bxc3 18. bxc3 gxh6 19. exf5 Qb6+ 20. Kh1 Bxf3 21. Rxf3 Qf6 22. Qd2 Rfd8 23. Raf1 Kh8 24. Rh3 Rc6 25. Rff3 d5 26. g4 d4 27. Rd3 Rcd6 28. cxd4 Rxd4 29. Qc3 Kg7 30. Rhg3 Rxd3 31. Rxd3 Qxc3 32. Rxc3 Rd6 33. Kg2 Kf6 34. Kg3 h5 35. h3 hxg4 36. hxg4 h6 37. Kh4 Kg7 38. Kh5 Rd2 39. Kh4 Rd6 40. g5 hxg5+ 41. Kxg5 Rb6 42. Rc5 f6+ 43. Kh5 Rb7 44. c4 Ra7 45. Ra5 Kh7 46. c5 Kg7 47. c6 Kh7 48. Rd5 1-0